000 00320 a2200145 4500
001 62204
020 _a9788506051313
040 _cAnchieta - Pituba
100 _aBrandão, Toni
240 1 0 _aFoi ela que começou
_lpor
245 1 0 _aFoi ela que começou
300 _a87
650 4 _aLiteratura juvenil
942 _cBK
999 _c62204
_d62204